000 00515nam a2200181 4500
003 LK-CoDNM
005 20240215122822.0
008 240215b |||||||| |||| 00| 0 eng d
020 _a9789553094254
040 _aLK-CoDNM
_dLK-CoDNM
_eLK-CoDNM
041 _asin
080 _a294.3
_bGOD
100 _aගොඩගේ, සිරිසුමන
245 _aදූ දරුවන්ගේ සාරධර්ම අත්පොත
260 _aColombo
_bGodage
_c2022
300 _a71p.,21cm
942 _n0
_cBK
999 _c145080
_d145080